00626nam a2200193 a 450000100060000000300090000600800410001502000150005604000280007108200170009910000330011624500630014926000330021230000100024550501090025565000230036465000230038765000220041015092CO-ViMGA141112s2004 ck r 000 u spa d a9580215766 aCO-ViMGAbspacCO-ViMGA04a372.357 F6571 aSarria Lopez, Alavaro Daniel10aNuevo investiguemos 2 : bCiencias naturales y de la salud aBogotá, cVoluntad, c2000 a80.p. aLos seres vivos y el ambiente La materia, la luz y el calor La tierra y el universo Ciencias Naturales 214aCIENCIAS NATURALES14aENSEÑANZA BASICA14aUNIVERSO ECOLOGIA